| Tag |
First Indicator |
Second Indicator |
Subfields |
| LEADER |
00000cam a22000007a 4500 |
| 001 |
in00000005497 |
| 005 |
20150929093938.0 |
| 008 |
990909s1999 xxu f000 0 eng d |
| 035 |
|
|
|a (OCoLC)
|
| 035 |
|
|
|a tmp97156900
|
| 035 |
|
|
|9 AJK5242AM
|
| 040 |
|
|
|a MvI
|c MvI
|d UtOrBLW
|
| 049 |
|
|
|a MAPS
|
| 074 |
|
|
|a 0378-E-05
|
| 086 |
0 |
|
|a D 5.354:TPC D-9 A/993
|
| 245 |
0 |
0 |
|a Russia, Scale 1:500,000, TPC D-9A, March 15, 1993.
|
| 264 |
|
1 |
|a [Place of publication not identified] :
|b [publisher not identified],
|c [1999?]
|
| 336 |
|
|
|a text
|b txt
|2 rdacontent
|
| 337 |
|
|
|a unmediated
|b n
|2 rdamedia
|
| 338 |
|
|
|a volume
|b nc
|2 rdacarrier
|
| 500 |
|
|
|a Shipping List #: 99-2016-S
|
| 500 |
|
|
|a Shipping List Date: 08/20/99
|
| 710 |
1 |
|
|a United States.
|b National Imagery and Mapping Agency.
|
| 999 |
|
|
|a MARS
|
| 999 |
f |
f |
|s dd728130-287f-3f23-b320-3ee24f554b9b
|i 0a6ade22-287e-39ad-af29-a8d97db81a2d
|t 0
|
| 952 |
f |
f |
|p normal
|a Texas A&M University
|b College Station
|c Sterling C. Evans Library
|d Evans: Maps (2nd floor)
|t 0
|h No information provided
|i unmediated -- volume
|
| 998 |
f |
f |
|t 0
|l Evans: Maps (2nd floor)
|